| 000 | 00647nam a2200253Ia 4500 | ||
|---|---|---|---|
| 003 | OSt | ||
| 005 | 20220918174051.0 | ||
| 006 | a|||||r|||| 00| 0 | ||
| 007 | ta | ||
| 008 | 220917b |||||||| |||| 00| 0 eng d | ||
| 024 | _a10,288 | ||
| 037 | _cTextual | ||
| 040 |
_aARTS _cARTS _beng |
||
| 041 |
_2eng _aeng |
||
| 082 | _aR1, L8 | ||
| 100 |
_aRevlin Russel _948998 |
||
| 245 | 0 | _aHuman reasoning | |
| 260 |
_aN.Y _bJohn Wiley _c1978 |
||
| 300 |
_axviii,252p. _ccm. |
||
| 650 | _aPHILOSOPHY | ||
| 700 |
_a Mayer Richard E _920286 |
||
| 942 |
_hR1, L8 _cTEXL _2CC |
||
| 999 |
_c151662 _d151662 |
||